| Tag |
First Indicator |
Second Indicator |
Subfields |
| LEADER |
00000cam a2200000 a 4500 |
| 001 |
in00001403773 |
| 005 |
20151020053150.0 |
| 008 |
970630s1998 njuab b 001 0 eng |
| 010 |
|
|
|a 97024096
|
| 020 |
|
|
|a 0132871521
|
| 035 |
|
|
|a (OCoLC)37260921
|
| 035 |
|
|
|9 AHM7239AM
|
| 040 |
|
|
|a DLC
|c DLC
|d TXA
|d UtOrBLW
|
| 043 |
|
|
|a n-us---
|
| 049 |
|
|
|a TXAM
|
| 050 |
0 |
0 |
|a JK274
|b .B8525 1998
|
| 082 |
0 |
0 |
|a 320.473
|2 21
|
| 245 |
0 |
0 |
|a Government by the people :
|b basic version /
|c James MacGregor Burns [and others].
|
| 250 |
|
|
|a 17th ed.
|
| 264 |
|
1 |
|a Upper Saddle River, N.J. :
|b Prentice Hall,
|c [1998]
|
| 264 |
|
4 |
|c ©1998
|
| 300 |
|
|
|a 1 volume (various pagings) :
|b illustrations (some color), color maps ;
|c 28 cm.
|
| 336 |
|
|
|a text
|b txt
|2 rdacontent
|
| 337 |
|
|
|a unmediated
|b n
|2 rdamedia
|
| 338 |
|
|
|a volume
|b nc
|2 rdacarrier
|
| 500 |
|
|
|a Colored maps of The United States, a political map and Washington, centers of decision and landmarks on endpapers.
|
| 504 |
|
|
|a Includes bibliographical references and index.
|
| 651 |
|
0 |
|a United States
|x Politics and government.
|
| 700 |
1 |
|
|a Burns, James MacGregor.
|
| 948 |
|
|
|a c:cer
|d 20021105
|
| 999 |
|
|
|a MARS
|
| 999 |
f |
f |
|s 4014f7e8-5c1c-314f-9460-dd8eae7e3527
|i 4aad90df-c4e0-32de-969d-90470b59df9b
|t 0
|
| 952 |
f |
f |
|p ric
|a Texas A&M University
|b Rellis Campus
|c Joint Library Facility
|d Remote Storage
|t 0
|e JK274 .B8525 1998
|h Library of Congress classification
|i unmediated -- volume
|m A14822091228
|
| 998 |
f |
f |
|a JK274 .B8525 1998
|t 0
|l Remote Storage
|